[Event "Najdorf Mem Open A 2016"]
[Site "Warsaw POL"]
[Date "2016.07.16"]
[Round "9.53"]
[White "Karpus, Michal"]
[Black "Zaksaite, Salomeja"]
[Result "1-0"]
[WhiteTitle "FM"]
[BlackTitle "WIM"]
[WhiteElo "2179"]
[BlackElo "2336"]
[WhiteFideId "1174088"]
[BlackFideId "12801496"]
[EventDate "2016.07.08"]

1. e4 c5 2. Nf3 Nc6 3. d4 cxd4 4. Nxd4 Nf6 5. Nc3 e5 6. Ndb5 d6 7. Bg5 a6 8. Na3
b5 9. Bxf6 gxf6 10. Nd5 Bg7 11. Bd3 Ne7 12. Nxe7 Qxe7 13. O-O O-O 14. c4 f5 15.
Re1 fxe4 16. Bxe4 Rb8 17. cxb5 axb5 18. Nc2 f5 19. Bd5+ Kh8 20. Nb4 Bd7 21. Qd2
Rf6 22. Rad1 Rh6 23. Bc6 Bc8 24. g3 Qf7 25. Qe2 f4 26. Bg2 Rg6 27. Nc6 Rb6 28.
Bd5 Qf8 29. Rc1 Bg4 30. Qd2 fxg3 31. hxg3 Bh6 32. Qa5 Bxc1 33. Rxc1 Rxc6 34.
Rxc6 Rf6 35. Qa7 Rh6 36. Rb6 Bc8 37. Rb8 Qf5 38. Be4 Qg4 39. Bg2 Qd1+ 40. Bf1
Qc2 41. Qb7 1-0

[Event "Najdorf Mem Open A 2016"]
[Site "Warsaw POL"]
[Date "2016.07.16"]
[Round "9.54"]
[White "Kowalczyk, Rafal"]
[Black "Buckels, Valentin"]
[Result "0-1"]
[WhiteElo "2204"]
[BlackElo "2332"]
[WhiteFideId "1133853"]
[BlackFideId "12942766"]
[EventDate "2016.07.08"]

1. c4 e5 2. Nc3 Nc6 3. g3 f5 4. Bg2 Nf6 5. e3 d5 6. Nxd5 Nxd5 7. cxd5 Nb4 8. d3
Nxd5 9. Nf3 Bd6 10. O-O Nf6 11. Nd2 O-O 12. b3 Qe7 13. Bb2 Rb8 14. Qc2 b5 15. a4
a6 16. axb5 axb5 17. Rfe1 Qf7 18. e4 fxe4 19. Nxe4 Nxe4 20. dxe4 Be6 21. Re3 Qh5
22. Qc3 Rf6 23. Rd3 Rbf8 24. Rf1 Bg4 25. f3 b4 26. Qc4+ Be6 27. Qc2 Rh6 28. h4
Rg6 29. Kh2 Be7 30. Qxc7 Bxh4 31. gxh4 Qxh4+ 32. Kg1 Rxg2+ 33. Kxg2 Bh3+ 34. Kh2
Bxf1+ 35. Kg1 Bxd3 36. Qxe5 Qe1+ 37. Kg2 Bf1+ 38. Kg1 Be2+ 39. Kg2 Qf1+ 0-1